<?xml version="1.0" encoding="UTF-8"?>
<record
    xmlns:xsi="http://www.w3.org/2001/XMLSchema-instance"
    xsi:schemaLocation="http://www.loc.gov/MARC21/slim http://www.loc.gov/standards/marcxml/schema/MARC21slim.xsd"
    xmlns="http://www.loc.gov/MARC21/slim">

  <leader>02440naa a2200373Ia 4500</leader>
  <controlfield tag="003">OSt</controlfield>
  <controlfield tag="005">20260304133910.0</controlfield>
  <controlfield tag="008">200107s2015    xx            000 0 und d</controlfield>
  <datafield tag="040" ind1=" " ind2=" ">
    <subfield code="b">English</subfield>
    <subfield code="c">Foundation University Library</subfield>
    <subfield code="a">Foundation University Library</subfield>
    <subfield code="d">Foundation University Library</subfield>
  </datafield>
  <datafield tag="050" ind1=" " ind2=" ">
    <subfield code="a">(CBA-BAMM) LG 221 D35 B87</subfield>
    <subfield code="b">A5 B87 M37 2015 A51</subfield>
  </datafield>
  <datafield tag="099" ind1=" " ind2=" ">
    <subfield code="a">1117</subfield>
  </datafield>
  <datafield tag="100" ind1=" " ind2=" ">
    <subfield code="a">Amante, Jan Vincent</subfield>
    <subfield code="9">2103</subfield>
    <subfield code="e">author</subfield>
  </datafield>
  <datafield tag="245" ind1="1" ind2="0">
    <subfield code="a">Consumer buying behavior of Dumaguete&#xF1;os toward Branded Medicines /</subfield>
    <subfield code="c">by Jan Vincent Amante, Elvie Enjerto, Ian Lebanan, Catherine Merced, and Stephen Pael.</subfield>
  </datafield>
  <datafield tag="264" ind1=" " ind2=" ">
    <subfield code="a">Dumaguete City</subfield>
    <subfield code="b">Foundation Uiniversity, </subfield>
    <subfield code="c">2015.</subfield>
    <subfield code="4">2015</subfield>
  </datafield>
  <datafield tag="300" ind1=" " ind2=" ">
    <subfield code="a">52 leaves :</subfield>
    <subfield code="b">ill. (col.) ;</subfield>
    <subfield code="c">28 cm</subfield>
    <subfield code="3">volume</subfield>
    <subfield code="f">resources</subfield>
  </datafield>
  <datafield tag="336" ind1=" " ind2=" ">
    <subfield code="3">rdacontent</subfield>
    <subfield code="a">text</subfield>
    <subfield code="b">txt</subfield>
  </datafield>
  <datafield tag="337" ind1=" " ind2=" ">
    <subfield code="3">rdamedia</subfield>
    <subfield code="a">unmediated</subfield>
    <subfield code="b">n</subfield>
  </datafield>
  <datafield tag="338" ind1=" " ind2=" ">
    <subfield code="3">rdacarrier</subfield>
    <subfield code="a">volume</subfield>
    <subfield code="b">nc</subfield>
  </datafield>
  <datafield tag="500" ind1=" " ind2=" ">
    <subfield code="a">A study analyzing consumer behavior of Dumaguete City residents toward branded medicines.</subfield>
  </datafield>
  <datafield tag="502" ind1=" " ind2=" ">
    <subfield code="a">Undergraduate feasibility study (Business Administration major in Marketing Management Bachelor of Science in) &#x2014; Foundation University, 2015</subfield>
  </datafield>
  <datafield tag="504" ind1=" " ind2=" ">
    <subfield code="a">Includes bibliographical references and appendices.</subfield>
  </datafield>
  <datafield tag="520" ind1=" " ind2=" ">
    <subfield code="a">Abstract 
It was the obiective of this study that we may determine the buying behavior of Dumaguete&#xF1;os towards
Branded Medicines.
The researchers selected the respondents with age groups from 18 and above as the target
respondents. The survey questionnaires serve as the primary data gathering instrument for the
respondents to answer. The distribution of the questionnaires handed to the people of the different
barangays in Dumaguete City.</subfield>
  </datafield>
  <datafield tag="650" ind1=" " ind2=" ">
    <subfield code="a">Consumer behavior</subfield>
    <subfield code="9">2104</subfield>
    <subfield code="x">Philippines.</subfield>
  </datafield>
  <datafield tag="650" ind1=" " ind2=" ">
    <subfield code="a">Brand name products</subfield>
    <subfield code="x">Marketing</subfield>
    <subfield code="x">Philippines.</subfield>
    <subfield code="9">15127</subfield>
  </datafield>
  <datafield tag="650" ind1=" " ind2=" ">
    <subfield code="a">Pharmaceutical industry</subfield>
    <subfield code="x">Philippines.</subfield>
    <subfield code="9">15128</subfield>
  </datafield>
  <datafield tag="650" ind1=" " ind2=" ">
    <subfield code="a">Marketing research</subfield>
    <subfield code="x">Philippines.</subfield>
    <subfield code="9">15129</subfield>
  </datafield>
  <datafield tag="658" ind1=" " ind2=" ">
    <subfield code="a">Project Feasibility Study :</subfield>
    <subfield code="b">Business Administration major in Marketing Management Bachelor of Science in ;</subfield>
    <subfield code="c">FSB310.</subfield>
  </datafield>
  <datafield tag="700" ind1="1" ind2=" ">
    <subfield code="a">Enjerto, Elvie T.</subfield>
    <subfield code="9">2105</subfield>
  </datafield>
  <datafield tag="700" ind1="1" ind2=" ">
    <subfield code="a">Lebanan, Ian</subfield>
    <subfield code="9">2106</subfield>
  </datafield>
  <datafield tag="700" ind1="1" ind2=" ">
    <subfield code="a">Merced, Catherine</subfield>
    <subfield code="9">2107</subfield>
  </datafield>
  <datafield tag="700" ind1="1" ind2=" ">
    <subfield code="a">Pael, Stephen</subfield>
    <subfield code="9">2108</subfield>
  </datafield>
  <datafield tag="856" ind1=" " ind2=" ">
    <subfield code="3">Consumer buying behavior of Dumaguete&#xF1;os toward Branded Medicines</subfield>
    <subfield code="u">https://drive.google.com/file/d/15t_iIGK-y6-DqgjhMzw2ejM9oK2cPQCh/view?usp=sharing</subfield>
  </datafield>
  <datafield tag="942" ind1=" " ind2=" ">
    <subfield code="2">lcc</subfield>
    <subfield code="c">FS</subfield>
    <subfield code="h">LG 221 D35 B87</subfield>
    <subfield code="i">A5 B87 M37 2015 A51</subfield>
    <subfield code="k">(CBA-BAMM) </subfield>
  </datafield>
  <datafield tag="999" ind1=" " ind2=" ">
    <subfield code="c">1117</subfield>
    <subfield code="d">1117</subfield>
  </datafield>
  <datafield tag="952" ind1=" " ind2=" ">
    <subfield code="0">0</subfield>
    <subfield code="1">0</subfield>
    <subfield code="2">lcc</subfield>
    <subfield code="4">0</subfield>
    <subfield code="7">0</subfield>
    <subfield code="a">FOUNDATION</subfield>
    <subfield code="b">FOUNDATION</subfield>
    <subfield code="c">MAIN-UGThe</subfield>
    <subfield code="d">2017-10-09</subfield>
    <subfield code="e">Donated</subfield>
    <subfield code="o">(CBA-BAMM) LG 221 D35 B87 A5 B87 M37 2015 A51</subfield>
    <subfield code="p">60875</subfield>
    <subfield code="r">2022-02-23 00:00:00</subfield>
    <subfield code="w">2022-02-23</subfield>
    <subfield code="y">FS</subfield>
    <subfield code="k">CBA-BAMM-2026010</subfield>
  </datafield>
</record>
